01517nam a2200325Ia 4500001001200000003000800012006001900020007001500039008004100054010001700095020002800112020001800140040002100158035002100179050002900200082002700229100002700256245014300283260004800426300001400474500015000488504005400638533015200692650008000844650007800924655002901002710001701031856012601048999001701174ebr10279280CaPaEBRm u cr cn|||||||||880809s1989 nyu sb 000 0 eng d z 88025415  z0195051114 (alk. paper) z9780195051117 aCaPaEBRcCaPaEBR a(OCoLC)25254200314aHD9863.7.N67bK57 1989eb04a338.4/7677/00943552191 aKisch, Herbert,d1924-10aFrom domestic manufacture to Industrial Revolutionh[electronic resource] :bthe case of the Rhineland textile districts /cHerbert Kisch. aNew York :bOxford University Press,c1989. ax, 341 p. aFirst published in 1981 as a German translation under title: Die hausindustriellen Textilgewerbe am Niederrhein vor der industriellen Revolution. aIncludes bibliographical references (p. 231-326). aElectronic reproduction.bPalo Alto, Calif. :cebrary,d2009.nAvailable via World Wide Web.nAccess may be limited to ebrary affiliated libraries. 0aCottage industrieszGermanyzNorth Rhine-WestphaliaxHistoryy18th century. 0aTextile industryzGermanyzNorth Rhine-WestphaliaxHistoryy18th century. 7aElectronic books.2local2 aebrary, Inc.40uhttp://site.ebrary.com/lib/rucke/Doc?id=10279280zAn electronic book accessible through the World Wide Web; click to view c18747d18747